Enlightenment of women and social change (Record no. 1676)

MARC details
000 -LEADER
fixed length control field 00768 a2200229 4500
010 ## - LIBRARY OF CONGRESS CONTROL NUMBER
LC control number ENG-85218
020 ## - INTERNATIONAL STANDARD BOOK NUMBER
International Standard Book Number 8172112165
Terms of availability 400.00
035 ## - SYSTEM CONTROL NUMBER
System control number EN-68751
037 ## - SOURCE OF ACQUISITION
Source of stock number/acquisition D.B.Act / Pub
082 14 - DEWEY DECIMAL CLASSIFICATION NUMBER
Classification number 305.4
090 ## - LOCALLY ASSIGNED LC-TYPE CALL NUMBER (OCLC); LOCAL CALL NUMBER (OCLC)
-- 1706
-- 1706
100 1# - MAIN ENTRY--PERSONAL NAME
Personal name George, P. A.
245 1# - TITLE STATEMENT
Title Enlightenment of women and social change
Statement of responsibility, etc by P. A. George
260 ## - PUBLICATION, DISTRIBUTION, ETC. (IMPRINT)
Place of publication, distribution, etc New Delhi
Name of publisher, distributor, etc Northern Book Centre
Date of publication, distribution, etc 2006.
270 ## - ADDRESS
Address 4221/1, Ansari Road, Darya Ganj
City New Delhi
State or province Delhi
Postal code 110002
Telephone number 23264519
Fax number 23252651
300 ## - PHYSICAL DESCRIPTION
Extent viii, 150 p.
Dimensions 22 cm. (Hb)
500 ## - GENERAL NOTE
General note Includes bibliographical references and index
650 ## - SUBJECT ADDED ENTRY--TOPICAL TERM
Topical term or geographic name as entry element Women
650 ## - SUBJECT ADDED ENTRY--TOPICAL TERM
Topical term or geographic name as entry element Social change
942 ## - ADDED ENTRY ELEMENTS (KOHA)
Institution code [OBSOLETE] dpl
Koha item type English Books
Call number prefix 305.4 / GEO
Holdings
Withdrawn status Lost status Source of classification or shelving scheme Damaged status Not for loan Collection code Home library Current library Source of acquisition Cost, normal purchase price Total Checkouts Full call number Barcode Date last seen Copy number Uniform Resource Identifier Cost, replacement price Price effective from Koha item type
    Dewey Decimal Classification   Not For Loan Non-fiction D.B.Act.Division D.B.Act.Division DBAD/PUB 400.00   305.4 GEO EN-68751 15/09/2008 1 1774 400.00 15/09/2008 English Books

© Delhi Public Library
Hit Counter
free hit counter